000 00871nas a2200301 4500
001 BR0301753
003 BR-BrBNA
005 20231205103710.0
007 ta
008 230509b bl.|||p| |||| 00| 00por d
040 _aBR-BrBNA
_bpor
_cBiblioteca Nacional de Agricultura
041 _a(Pt)
072 _aL73
100 1 _aBrito, B.G. de
100 1 _aTagliari, K.C.
100 1 _aPiffer, I.A.
100 1 _aLeite, D. da S.L.
100 1 _aSilva, A.B. da
245 1 _aVirulência de Escherichia coli 0139:K82
650 _aLEITÃO
650 _aDIARRÉIA
650 _aBACTÉRIA PATOGÊNICA
650 _aANTIBIÓTICO
650 _aRESISTÊNCIA A PRODUTOS QUÍMICOS
773 0 _tSemina Ciencias Agrarias (Brazil)
_xISSN 1676-546X
_g(Jul-Dec 2001), v. 22(2) p. 119-122
_wBR0301753
909 _a202311
_bLúcia
_c55
_dLúcia Elande
942 _2AGRIS
_n0
_cANA
999 _c174273
_d174273